Higher Surveying (Record no. 4908)

MARC details
000 -LEADER
fixed length control field 00396nam a22001697a 4500
005 - DATE AND TIME OF LATEST TRANSACTION
control field 20160630115552.0
008 - FIXED-LENGTH DATA ELEMENTS--GENERAL INFORMATION
fixed length control field 160630b xxu||||| |||| 00| 0 eng d
020 ## - INTERNATIONAL STANDARD BOOK NUMBER
ISBN 81-7008-825-9
041 ## - LANGUAGE CODE
Language code of text/sound track or separate title eng
082 ## - DEWEY DECIMAL CLASSIFICATION NUMBER
Item number 19665
100 ## - MAIN ENTRY--AUTHOR NAME
Personal name Purnima, Dr B C & Other
245 ## - TITLE STATEMENT
Title Higher Surveying
260 ## - PUBLICATION, DISTRIBUTION, ETC. (IMPRINT)
Name of publisher Laocine
Year of publication 2013
300 ## - PHYSICAL DESCRIPTION
Number of Pages 270
650 ## - SUBJECT ADDED ENTRY--TOPICAL TERM
Topical Term Diploma Engineering
942 ## - ADDED ENTRY ELEMENTS (KOHA)
Koha item type Books
Holdings
Lost status Damaged status Collection code Home library Current library Shelving location Date acquired Cost, normal purchase price Full call number Accession Number Koha item type
    MINING JRU Library JRU Library SHELF-59-D 30/06/2016 195.00 19665 19665 Books
    MINING JRU Library JRU Library SHELF-88-A 30/06/2016 195.00 19665 19666 Books
    MINING JRU Library JRU Library SHELF-88-A 30/06/2016 195.00 19665 19667 Books
    MINING JRU Library JRU Library SHELF-88-A 30/06/2016 195.00 19665 19668 Books
    MINING JRU Library JRU Library SHELF-88-A 30/06/2016 195.00 19665 19669 Books
    MINING JRU Library JRU Library SHELF-88-A 30/06/2016 195.00 19665 19670 Books
    MINING JRU Library JRU Library SHELF-88-A 30/06/2016 195.00 19665 19671 Books
      JRU Library   SHELF-48-E 30/06/2016 195.00 19665 19672 Books
    MINING JRU Library JRU Library SHELF-88-A 30/06/2016 195.00 19665 19673 Books
    Reference JRU Library   SHELF-48-E 30/06/2016 195.00 19665 19674 Books